[Event "Titled Tuesday intern op 05th Sep Late"]
[Site "Chess.com INT"]
[Date "2023.09.05"]
[Round "1"]
[White "Wieczorek, Oskar"]
[Black "Zhou, Aiden"]
[Result "0-1"]
[WhiteElo "2494"]
[BlackElo "2141"]
[PlyCount "130"]
[EventDate "2023.09.05"]
[EventType "swiss (blitz)"]
[EventRounds "11"]
[EventCountry "USA"]
[SourceTitle "EXT 2024"]
[Source "ChessBase"]
[SourceDate "2023.10.10"]
[SourceVersion "1"]
[SourceVersionDate "2023.10.10"]
[SourceQuality "1"]

1. e4 c6 2. d4 d5 3. Nd2 dxe4 4. Nxe4 Nf6 5. Nxf6+ exf6 6. Be2 Bd6 7. Bf3 0-0 8. Ne2 Re8 9. 0-0 Na6 10. c4 Bf5 11. a3 Nc7 12. Nc3 Qd7 13. Be3 Ne6 14. b4 Ng5 15. Be2 Qc7 16. g3 Bh3 17. Re1 Rxe3 18. fxe3 Bxg3 19. Bg4 Bxe1 20. Qxe1 Bxg4 21. Qg3 Qxg3+ 22. hxg3 Re8 23. Kf2 Ne4+ 24. Nxe4 Rxe4 25. a4 Kf8 26. b5 cxb5 27. axb5 a6 28. bxa6 bxa6 29. Rxa6 Re6 30. Ra8+ Re8 31. Ra7 Rb8 32. Ra2 Ke7 33. e4 Rb4 34. Rc2 Be6 35. d5 Bd7 36. Ke3 Kd6 37. Kd4 Ba4 38. Ra2 Bb5 39. Rc2 h5 40. Kd3 Rxc4 41. Rxc4 g5 42. Kd4 Bxc4 43. Kxc4 g4 44. Kd3 Ke5 45. Ke3 f5 46. exf5 Kxd5 47. Kd3 Ke5 48. Ke3 Kxf5 49. Kd4 Kg5 50. Ke4 h4 51. gxh4+ Kxh4 52. Kf4 g3 53. Kf3 Kh3 54. Kf4 g2 55. Kf5 g1Q 56. Kf6 Qg6+ 57. Ke5 f5 58. Kf4 Qg4+ 59. Ke5 Qe4+ 60. Kf6 f4 61. Kg5 f3 62. Kf6 f2 63. Kg5 f1Q 64. Kh6 Qf6+ 65. Kh5 Qg4# 0-1

[Event "Titled Tuesday intern op 18th Apr Late"]
[Site "Chess.com INT"]
[Date "2023.04.18"]
[Round "7"]
[White "Zhou, Aiden"]
[Black "Romero Ruscalleda, Josep"]
[Result "1-0"]
[WhiteElo "2161"]
[BlackElo "2179"]
[PlyCount "77"]
[EventDate "2023.04.18"]
[EventType "swiss (blitz)"]
[EventRounds "11"]
[EventCountry "USA"]
[SourceTitle "EXT 2024"]
[Source "ChessBase"]
[SourceDate "2023.10.10"]
[SourceVersion "1"]
[SourceVersionDate "2023.10.10"]
[SourceQuality "1"]

1. d4 g6 2. e4 Bg7 3. Nf3 d6 4. Bc4 Nf6 5. Qe2 0-0 6. e5 dxe5 7. dxe5 Nd5 8. 0-0 c6 9. Rd1 Be6 10. Ng5 Qc8 11. Nxe6 Qxe6 12. f4 Nd7 13. Qf3 N7b6 14. Bb3 Rfd8 15. Nc3 a5 16. Be3 a4 17. Bxb6 axb3 18. Bxd8 bxc2 19. Rdc1 Rxd8 20. Nxd5 Rxd5 21. Rxc2 f6 22. exf6 Bxf6 23. Re2 Qd6 24. Rae1 Kf7 25. Qe4 Rd4 26. Qe6+ Qxe6 27. Rxe6 Rxf4 28. R6e4 Rf5 29. b3 Ra5 30. a4 b5 31. Rc1 Ra6 32. axb5 cxb5 33. Rb4 Ra5 34. Rc5 Ke6 35. Rcxb5 Bd4+ 36. Kf1 Ra1+ 37. Ke2 Ra2+ 38. Kf3 Be5 39. Re4 1-0

[Event "CAN-ch"]
[Site "Toronto"]
[Date "2023.04.11"]
[Round "9"]
[White "Rusonik, Max"]
[Black "Zhou, Aiden"]
[Result "1-0"]
[WhiteElo "2262"]
[BlackElo "2161"]
[PlyCount "91"]
[EventDate "2023.04.06"]
[EventType "swiss"]
[EventRounds "9"]
[EventCountry "CAN"]
[SourceTitle "CBM 213 Extra"]
[Source "ChessBase"]
[SourceDate "2023.05.31"]
[SourceVersion "1"]
[SourceVersionDate "2023.05.31"]
[SourceQuality "1"]

1. e4 c6 2. d4 d5 3. e5 Bf5 4. h4 h5 5. Bg5 Qa5+ 6. Nd2 e6 7. c3 Nd7 8. b4 Qc7 9. Ngf3 Nh6 10. Nb3 b6 11. Qd2 Bg6 12. Be2 Nf5 13. 0-0 Be7 14. a4 0-0 15. Nc1 Qd8 16. g3 f6 17. Bf4 fxe5 18. Nxe5 Nxe5 19. Bxe5 Nd6 20. Bxd6 Bxd6 21. f4 c5 22. Nd3 cxd4 23. cxd4 Rc8 24. Rac1 Rxc1 25. Rxc1 Qe8 26. b5 Bf5 27. Rc6 Bb8 28. Kh2 g6 29. Qc3 Qd7 30. Bd1 Qd8 31. Bc2 Re8 32. Ne1 Bxf4 33. gxf4 Qxh4+ 34. Kg1 Bxc2 35. Ng2 Qf6 36. Qxc2 Qxd4+ 37. Kh2 Kf7 38. Rc7+ Re7 39. Rxe7+ Kxe7 40. Qc7+ Kf6 41. Qxa7 Qf2 42. Qc7 d4 43. a5 bxa5 44. b6 h4 45. Qd8+ Kg7 46. Qe7+ 1-0

[Event "CAN-ch"]
[Site "Toronto"]
[Date "2023.04.10"]
[Round "8"]
[White "Zhou, Aiden"]
[Black "Noritsyn, Nikolay"]
[Result "0-1"]
[WhiteElo "2161"]
[BlackElo "2444"]
[PlyCount "168"]
[EventDate "2023.04.06"]
[EventType "swiss"]
[EventRounds "9"]
[EventCountry "CAN"]
[SourceTitle "CBM 213 Extra"]
[Source "ChessBase"]
[SourceDate "2023.05.31"]
[SourceVersion "1"]
[SourceVersionDate "2023.05.31"]
[SourceQuality "1"]

1. d4 e6 2. c4 f5 3. g3 Nf6 4. Bg2 d5 5. Nf3 Be7 6. 0-0 Ne4 7. Nc3 c6 8. Qc2 Nd7 9. Rb1 a5 10. a3 0-0 11. b4 axb4 12. axb4 Nd6 13. c5 Nc4 14. Nd2 Nxd2 15. Bxd2 e5 16. e3 Bf6 17. dxe5 Nxe5 18. Ne2 Nc4 19. Rb3 Bd7 20. Bc3 Qe7 21. Bxf6 Rxf6 22. Nf4 Be6 23. h4 Rff8 24. Qc3 Bf7 25. Rbb1 Ra3 26. Qd4 Ra4 27. Qc3 Rfa8 28. Ra1 Qe5 29. Qxe5 Nxe5 30. Rxa4 Rxa4 31. Rb1 g6 32. Bf1 Ra2 33. Nd3 Nxd3 34. Bxd3 Kg7 35. Bf1 Kf6 36. Rd1 h6 37. Rd4 Be6 38. Bd3 Ra1+ 39. Kg2 Rc1 40. Be2 Bc8 41. Bf3 Ke5 42. Be2 Rc2 43. Kf1 Be6 44. Bd3 Rb2 45. Be2 Kf6 46. Bf3 Ke7 47. Be2 Kd7 48. Bd3 Ke7 49. Kg2 Kf6 50. Bf1 Bf7 51. Bd3 Rb3 52. Bc2 Rc3 53. Bd1 g5 54. Bf3 Ke5 55. Be2 Kf6 56. Bf3 Bg6 57. hxg5+ hxg5 58. Be2 Rc2 59. Bd3 Rb2 60. Kf1 Bh5 61. Kg2 Rb3 62. Bf1 Rb1 63. Bd3 Rc1 64. Bf1 Bd1 65. Bd3 g4 66. f4 Bf3+ 67. Kf2 Ke6 68. Bf1 Rc2+ 69. Kg1 Rb2 70. Bd3 Rg2+ 71. Kf1 Rxg3 72. b5 Rh3 73. Kf2 Rh2+ 74. Kg3 Rh3+ 75. Kf2 Be4 76. Bxe4 fxe4 77. b6 Rf3+ 78. Ke2 g3 79. Ra4 Rf2+ 80. Ke1 Rb2 81. Kf1 Kf5 82. Ra1 Kg4 83. Kg1 Rc2 84. Rf1 Kf5 0-1

[Event "CAN-ch"]
[Site "Toronto"]
[Date "2023.04.08"]
[Round "5"]
[White "Rodrigue Lemieux, Shawn"]
[Black "Zhou, Aiden"]
[Result "1-0"]
[WhiteElo "2451"]
[BlackElo "2161"]
[PlyCount "77"]
[EventDate "2023.04.06"]
[EventType "swiss"]
[EventRounds "9"]
[EventCountry "CAN"]
[SourceTitle "CBM 213 Extra"]
[Source "ChessBase"]
[SourceDate "2023.05.31"]
[SourceVersion "1"]
[SourceVersionDate "2023.05.31"]
[SourceQuality "1"]

1. e4 c6 2. d4 d5 3. exd5 cxd5 4. Bd3 Nc6 5. c3 Qc7 6. h3 g6 7. Qc2 f6 8. Be3 e5 9. Ne2 Nge7 10. Ng3 Be6 11. h4 0-0-0 12. Nd2 e4 13. Bb5 Nf5 14. Nxf5 gxf5 15. f4 Rg8 16. Nf1 Bd6 17. g3 Kb8 18. Qd2 Na5 19. b3 Rc8 20. Rc1 Ba3 21. Rc2 a6 22. Be2 Nc6 23. Bd1 b5 24. Kf2 Ka8 25. Kg2 Qd6 26. Kh2 Rg7 27. Bf2 Rgc7 28. Ne3 Na5 29. Be2 b4 30. c4 dxc4 31. d5 c3 32. Qd4 Bd7 33. Rd1 Rc5 34. Bf1 h5 35. Bh3 Bb5 36. Bxf5 Bd7 37. Bxe4 Nb7 38. Nc4 Qc7 39. Qxf6 1-0

[Event "CAN-ch"]
[Site "Toronto"]
[Date "2023.04.07"]
[Round "2"]
[White "Zhou, Aiden"]
[Black "Sambuev, Bator"]
[Result "1/2-1/2"]
[WhiteElo "2161"]
[BlackElo "2433"]
[PlyCount "123"]
[EventDate "2023.04.06"]
[EventType "swiss"]
[EventRounds "9"]
[EventCountry "CAN"]
[SourceTitle "CBM 213 Extra"]
[Source "ChessBase"]
[SourceDate "2023.05.31"]
[SourceVersion "1"]
[SourceVersionDate "2023.05.31"]
[SourceQuality "1"]

1. d4 Nf6 2. c4 e6 3. g3 d5 4. Nf3 c6 5. Bg2 dxc4 6. Ne5 Bb4+ 7. Bd2 Be7 8. e3 b5 9. a4 b4 10. 0-0 0-0 11. Qc2 a5 12. Rd1 Ba6 13. Be1 Nbd7 14. Nxc6 Qe8 15. Nxa5 Rc8 16. Nc6 Nd5 17. Bxd5 b3 18. Nxe7+ Qxe7 19. Qe4 Nf6 20. Qe5 Nxd5 21. e4 f6 22. Qh5 Nb6 23. Nc3 f5 24. d5 fxe4 25. Qe5 Rce8 26. Qxe6+ Qxe6 27. dxe6 Rxe6 28. a5 Nc8 29. Nd5 e3 30. Nxe3 Na7 31. Rac1 Rc8 32. Rd7 Nb5 33. Bc3 Nxc3 34. Rxc3 Rc5 35. Rd1 h6 36. Rdc1 Rec6 37. Ra1 Rd6 38. Rd1 Rxd1+ 39. Nxd1 Rxa5 40. Kf1 Kf7 41. Ke2 Ke6 42. Kd2 Rd5+ 43. Ke2 Kd6 44. Ne3 Re5 45. Kd2 Kc5 46. Rc1 Kb4 47. Ra1 Re6 48. Nd5+ Kc5 49. Ra5+ Kd4 50. Nc3 Bb7 51. Rb5 Bc6 52. Ra5 Rd6 53. f4 Re6 54. h4 Re7 55. Rh5 Bf3 56. Nb5+ Ke4 57. Nc3+ Kd4 58. Nb5+ Ke4 59. Nd6+ Kd4 60. Nb5+ Ke4 61. Nc3+ Kd4 62. Nb5+ 1/2-1/2

[Event "Titled Tuesday intern op 21st Mar Late"]
[Site "Chess.com INT"]
[Date "2023.03.21"]
[Round "4"]
[White "Druzhinina, Olga"]
[Black "Zhou, Aiden"]
[Result "0-1"]
[WhiteElo "2245"]
[BlackElo "2161"]
[PlyCount "108"]
[EventDate "2023.03.21"]
[EventType "swiss (blitz)"]
[EventRounds "11"]
[EventCountry "USA"]
[SourceTitle "EXT 2024"]
[Source "ChessBase"]
[SourceDate "2023.10.10"]
[SourceVersion "1"]
[SourceVersionDate "2023.10.10"]
[SourceQuality "1"]

1. e4 c6 2. d4 d5 3. exd5 cxd5 4. Bd3 Nf6 5. h3 g6 6. Nf3 Bg7 7. 0-0 Bf5 8. Be2 Nc6 9. c3 Qc7 10. Re1 e6 11. Be3 h6 12. Nbd2 g5 13. Nh2 0-0-0 14. b4 Bf8 15. a4 Bd6 16. Nhf1 Rdg8 17. b5 Na5 18. c4 dxc4 19. Nxc4 Nxc4 20. Rc1 Kb8 21. Rxc4 Qe7 22. b6 a6 23. Bf3 g4 24. hxg4 Bxg4 25. Bxg4 Nxg4 26. d5 Ne5 27. Re4 f5 28. Rd4 Ng4 29. dxe6 Be5 30. Rd7 Qh4 31. g3 Nf6 32. Qf3 Nxd7 33. exd7 Qe4 34. Qd1 Qc6 35. Bc1 Bd6 36. Bb2 Rh7 37. Qd4 Rxd7 38. Rd1 Rgd8 39. Rc1 Qe4 40. Qf6 Be5 41. Bxe5+ Ka8 42. Bf4 Qd3 43. Ne3 Qe4 44. Qc3 Qe8 45. Qc4 Rd2 46. Nxf5 Rd1+ 47. Rxd1 Rxd1+ 48. Kg2 Qc6+ 49. Qxc6 bxc6 50. a5 c5 51. Nd6 Rb1 52. b7+ Ka7 53. Be3 Kb8 54. Bxc5 Kc7 0-1

[Event "Titled Tuesday intern op 21st Mar Late"]
[Site "Chess.com INT"]
[Date "2023.03.21"]
[Round "1"]
[White "Galaktionov, Artem"]
[Black "Zhou, Aiden"]
[Result "1-0"]
[WhiteElo "2341"]
[BlackElo "2161"]
[PlyCount "81"]
[EventDate "2023.03.21"]
[EventType "swiss (blitz)"]
[EventRounds "11"]
[EventCountry "USA"]
[SourceTitle "EXT 2024"]
[Source "ChessBase"]
[SourceDate "2023.10.10"]
[SourceVersion "1"]
[SourceVersionDate "2023.10.10"]
[SourceQuality "1"]

1. d4 Nf6 2. Nf3 g6 3. c4 Bg7 4. Nc3 0-0 5. e4 d6 6. Be2 e5 7. 0-0 Nc6 8. d5 Ne7 9. Ne1 Nd7 10. f3 f5 11. g4 Nf6 12. Nd3 f4 13. h4 b6 14. Bd2 a5 15. b3 h5 16. g5 Nd7 17. Kh2 Nc5 18. Rg1 Qd7 19. Nf2 c6 20. Bf1 cxd5 21. cxd5 Ba6 22. Bh3 Qa7 23. a3 b5 24. Kg2 Nd7 25. b4 a4 26. Nd3 Nb6 27. Be6+ Kh7 28. Nb2 Rfe8 29. Be1 Nc6 30. dxc6 Rxe6 31. Bf2 Qc7 32. Rc1 Qxc6 33. Bxb6 Qxb6 34. Nd5 Qa7 35. Rc7 Qd4 36. Qc2 Ree8 37. Rd1 Qxd1 38. Nxd1 Rec8 39. Qc6 Rxc7 40. Nxc7 Rc8 41. Nc3 1-0

[Event "Titled Tuesday intern op 21st Mar Late"]
[Site "Chess.com INT"]
[Date "2023.03.21"]
[Round "2"]
[White "Zhou, Aiden"]
[Black "Jimenez Fernandez, Rebeca"]
[Result "1-0"]
[WhiteElo "2161"]
[BlackElo "2061"]
[PlyCount "67"]
[EventDate "2023.03.21"]
[EventType "swiss (blitz)"]
[EventRounds "11"]
[EventCountry "USA"]
[SourceTitle "EXT 2024"]
[Source "ChessBase"]
[SourceDate "2023.10.10"]
[SourceVersion "1"]
[SourceVersionDate "2023.10.10"]
[SourceQuality "1"]

1. d4 d5 2. c4 c6 3. Nf3 Nf6 4. e3 Bg4 5. Nc3 e6 6. h3 Bxf3 7. Qxf3 Bd6 8. Bd3 Nbd7 9. 0-0 0-0 10. e4 dxe4 11. Nxe4 Nxe4 12. Qxe4 Nf6 13. Qf3 e5 14. Bg5 exd4 15. Qf5 Re8 16. Bxf6 Qxf6 17. Qxh7+ Kf8 18. Rfe1 Be5 19. Qh8+ Ke7 20. Qh5 Kd7 21. Re4 Bd6 22. Rae1 Bb4 23. Qg4+ Re6 24. Rxe6 fxe6 25. Rxe6 Qxe6 26. Bf5 Re8 27. Bxe6+ Rxe6 28. Qxd4+ Bd6 29. Qxg7+ Re7 30. Qg4+ Kc7 31. g3 b6 32. Kg2 Bc5 33. h4 Rf7 34. Qe2 1-0

[Event "Titled Tuesday intern op 21st Mar Late"]
[Site "Chess.com INT"]
[Date "2023.03.21"]
[Round "3"]
[White "Zhou, Aiden"]
[Black "O'Gorman, Tom"]
[Result "0-1"]
[WhiteElo "2161"]
[BlackElo "2357"]
[PlyCount "80"]
[EventDate "2023.03.21"]
[EventType "swiss (blitz)"]
[EventRounds "11"]
[EventCountry "USA"]
[SourceTitle "EXT 2024"]
[Source "ChessBase"]
[SourceDate "2023.10.10"]
[SourceVersion "1"]
[SourceVersionDate "2023.10.10"]
[SourceQuality "1"]

1. d4 Nf6 2. c4 e6 3. Nf3 b6 4. g3 Bb7 5. Bg2 Bb4+ 6. Bd2 Bxd2+ 7. Qxd2 0-0 8. Nc3 d6 9. 0-0 c5 10. d5 exd5 11. cxd5 Re8 12. Nh4 g6 13. a4 Na6 14. e4 Nb4 15. Rfe1 a6 16. f4 Nd7 17. Rf1 c4 18. Rae1 Nd3 19. Re2 b5 20. axb5 axb5 21. Nxb5 Qb6+ 22. Qe3 Qxb5 23. Bh3 N7c5 24. f5 Rxe4 25. Qh6 Qe8 26. fxg6 fxg6 27. Be6+ Rxe6 28. dxe6 Ne5 29. Rxe5 dxe5 30. Rf7 Ra1+ 31. Kf2 Ne4+ 32. Ke2 Nf6 33. Rxf6 c3 34. Kf2 cxb2 35. Nxg6 Rf1+ 36. Ke3 Rxf6 37. Ne7+ Qxe7 38. Qg5+ Qg7 39. Qxe5 Qh6+ 40. Kd3 b1Q+ 0-1

[Event "Titled Tuesday intern op 21st Mar Late"]
[Site "Chess.com INT"]
[Date "2023.03.21"]
[Round "10"]
[White "Zhou, Aiden"]
[Black "Papp, Levente"]
[Result "0-1"]
[WhiteElo "2161"]
[BlackElo "2350"]
[PlyCount "60"]
[EventDate "2023.03.21"]
[EventType "swiss (blitz)"]
[EventRounds "11"]
[EventCountry "USA"]
[SourceTitle "EXT 2024"]
[Source "ChessBase"]
[SourceDate "2023.10.10"]
[SourceVersion "1"]
[SourceVersionDate "2023.10.10"]
[SourceQuality "1"]

1. d4 e6 2. c4 Nf6 3. Nf3 d5 4. g3 dxc4 5. Bg2 Bb4+ 6. Bd2 a5 7. Qc2 b5 8. a4 Bxd2+ 9. Qxd2 c6 10. axb5 cxb5 11. Qg5 0-0 12. Qxb5 Qd5 13. Nc3 Qxb5 14. Nxb5 Nd5 15. Ne5 Bd7 16. Nxd7 Nxd7 17. Bxd5 exd5 18. Nc7 Rab8 19. Nxd5 Rxb2 20. 0-0 Rxe2 21. Rxa5 Rd2 22. Ne7+ Kh8 23. d5 c3 24. Rc1 c2 25. Kg2 Re8 26. Ra2 g6 27. Nc6 Ree2 28. Ra8+ Kg7 29. Rf1 Rxf2+ 30. Rxf2 c1Q 0-1

[Event "Titled Tuesday intern op 14th Mar Early"]
[Site "Chess.com INT"]
[Date "2023.03.14"]
[Round "9"]
[White "Skatchkov, Pavel"]
[Black "Zhou, Aiden"]
[Result "1-0"]
[WhiteElo "2457"]
[BlackElo "2161"]
[PlyCount "89"]
[EventDate "2023.03.14"]
[EventType "swiss (blitz)"]
[EventRounds "11"]
[EventCountry "USA"]
[SourceTitle "EXT 2024"]
[Source "ChessBase"]
[SourceDate "2023.10.10"]
[SourceVersion "1"]
[SourceVersionDate "2023.10.10"]
[SourceQuality "1"]

1. d4 Nf6 2. c4 g6 3. Nc3 Bg7 4. e4 d6 5. h3 0-0 6. Bg5 c5 7. d5 h6 8. Be3 e6 9. Qd2 exd5 10. exd5 Kh7 11. Nf3 Re8 12. Bd3 b5 13. cxb5 a6 14. a4 axb5 15. Bxb5 Bd7 16. 0-0 Na6 17. Rae1 Nb4 18. Bf4 Bxb5 19. axb5 Rxe1 20. Rxe1 Qd7 21. Bh2 Re8 22. Rxe8 Nxe8 23. Qe2 Bxc3 24. bxc3 Nxd5 25. c4 Nb6 26. Bf4 Qe6 27. Qxe6 fxe6 28. Nd2 d5 29. Be3 d4 30. Bf4 Kg7 31. Be5+ Kf7 32. Kf1 Nd7 33. Bf4 g5 34. Bg3 e5 35. Ke2 Ke6 36. Kd3 Nd6 37. f3 Nf5 38. Bf2 Nf6 39. Kc2 Nd6 40. Kd3 Nd7 41. Be1 Nb6 42. Ne4 Nxe4 43. fxe4 Na4 44. Ba5 Nb6 45. Bxb6 1-0

[Event "Titled Tuesday intern op 07th Feb Early"]
[Site "Chess.com INT"]
[Date "2023.02.07"]
[Round "10"]
[White "Zahn, Wolfgang"]
[Black "Zhou, Aiden"]
[Result "0-1"]
[WhiteElo "2280"]
[BlackElo "2161"]
[PlyCount "96"]
[EventDate "2023.02.07"]
[EventType "swiss (blitz)"]
[EventRounds "11"]
[EventCountry "USA"]
[SourceTitle "EXT 2024"]
[Source "ChessBase"]
[SourceDate "2023.10.10"]
[SourceVersion "1"]
[SourceVersionDate "2023.10.10"]
[SourceQuality "1"]

1. d4 Nf6 2. c4 g6 3. Nf3 Bg7 4. g3 0-0 5. Bg2 d6 6. 0-0 Nc6 7. h3 e5 8. d5 Nb8 9. Nc3 a5 10. e4 Na6 11. Be3 Nd7 12. Nd2 f5 13. f4 Ndc5 14. Qc2 Nb4 15. Qb1 exf4 16. gxf4 fxe4 17. Bxc5 dxc5 18. Ndxe4 Bf5 19. a3 Bd4+ 20. Kh2 Na6 21. Qe1 Nb8 22. Ng5 Re8 23. Qg3 Re3 24. Qh4 h5 25. Rae1 Nd7 26. Rxe3 Bxe3 27. Qg3 Bd4 28. Ne6 Qf6 29. Nxc7 Rf8 30. Ne6 Re8 31. Nb5 Nf8 32. Nxf8 Kxf8 33. d6 Re3 34. Qg5 Qxg5 35. fxg5 Bxb2 36. Bxb7 Re2+ 37. Kg1 Ke8 38. Rf2 Rxf2 39. Kxf2 Bxh3 40. Bc6+ Kd8 41. Be4 Be6 42. Bxg6 Bxc4 43. Nc7 Bc1 44. Bxh5 Bxg5 45. Be2 Bf7 46. Bb5 Bf4 47. Na6 Bxd6 48. Ke2 Kc8 0-1

[Event "Titled Tuesday intern op 03rd Jan Early"]
[Site "Chess.com INT"]
[Date "2023.01.03"]
[Round "1"]
[White "Matinian, Nikita"]
[Black "Zhou, Aiden"]
[Result "1-0"]
[WhiteElo "2425"]
[BlackElo "2135"]
[PlyCount "79"]
[EventDate "2023.01.03"]
[EventType "swiss (blitz)"]
[EventRounds "11"]
[EventCountry "USA"]
[SourceTitle "EXT 2024"]
[Source "ChessBase"]
[SourceDate "2023.10.10"]
[SourceVersion "1"]
[SourceVersionDate "2023.10.10"]
[SourceQuality "1"]

1. e4 c6 2. Nc3 d5 3. Nf3 dxe4 4. Nxe4 Nf6 5. Qe2 Nxe4 6. Qxe4 Qa5 7. b4 Qf5 8. Qxf5 Bxf5 9. Nd4 Bg6 10. f4 e5 11. fxe5 Bxb4 12. Bb2 Nd7 13. e6 Nf6 14. Bc4 0-0 15. 0-0-0 Rfe8 16. Rhf1 fxe6 17. Bxe6+ Bf7 18. Bxf7+ Kxf7 19. Nf5 Re6 20. Rf3 Kg8 21. Rb3 Bd6 22. Rxb7 Bf8 23. Rf1 a5 24. Rc7 a4 25. Nd4 Re4 26. Nxc6 a3 27. Bxf6 gxf6 28. c3 Bg7 29. Nd4 f5 30. Nxf5 Be5 31. Nh6+ Kh8 32. Nf7+ Kg8 33. Nxe5 Rxe5 34. Rff7 Rb8 35. Rg7+ Kh8 36. Rxh7+ Kg8 37. Rcg7+ Kf8 38. Rh8+ Kxg7 39. Rxb8 Re2 40. Rb3 1-0

[Event "Titled Tuesday intern op 03rd Jan Late"]
[Site "Chess.com INT"]
[Date "2023.01.03"]
[Round "2"]
[White "Papasimakopoulos, Alexandros"]
[Black "Zhou, Aiden"]
[Result "1-0"]
[WhiteElo "2334"]
[BlackElo "2135"]
[PlyCount "83"]
[EventDate "2023.01.03"]
[EventType "swiss (blitz)"]
[EventRounds "11"]
[EventCountry "USA"]
[SourceTitle "EXT 2024"]
[Source "ChessBase"]
[SourceDate "2023.10.10"]
[SourceVersion "1"]
[SourceVersionDate "2023.10.10"]
[SourceQuality "1"]

1. d4 Nf6 2. c4 g6 3. Nc3 Bg7 4. e4 d6 5. f3 0-0 6. Nge2 Nc6 7. Be3 a6 8. Rc1 Rb8 9. Qd2 Bd7 10. Nd1 e5 11. d5 Ne7 12. g3 c5 13. dxc6 Bxc6 14. Bg2 b5 15. cxb5 Bxb5 16. Ndc3 d5 17. exd5 Nexd5 18. Bc5 Re8 19. Nxb5 Rxb5 20. 0-0 Nf4 21. Rfd1 Qxd2 22. Rxd2 Nxe2+ 23. Rxe2 Rc8 24. Be3 Rxc1+ 25. Bxc1 Bf8 26. b3 Bc5+ 27. Kf1 Bd4 28. Bb2 Bxb2 29. Rxb2 Nd5 30. Kf2 f5 31. Bf1 Ra5 32. b4 Rb5 33. Bxb5 axb5 34. a3 Kf7 35. Rc2 e4 36. fxe4 fxe4 37. Rc5 e3+ 38. Ke2 Ke6 39. Ke1 Ke5 40. Rxb5 Kd4 41. Rxd5+ Kxd5 42. Ke2 1-0

[Event "Titled Tuesday intern op 03rd Jan Late"]
[Site "Chess.com INT"]
[Date "2023.01.03"]
[Round "6"]
[White "Zhou, Aiden"]
[Black "Bornholdt, Joa Max"]
[Result "0-1"]
[WhiteElo "2135"]
[BlackElo "2297"]
[PlyCount "82"]
[EventDate "2023.01.03"]
[EventType "swiss (blitz)"]
[EventRounds "11"]
[EventCountry "USA"]
[SourceTitle "EXT 2024"]
[Source "ChessBase"]
[SourceDate "2023.10.10"]
[SourceVersion "1"]
[SourceVersionDate "2023.10.10"]
[SourceQuality "1"]

1. d4 d5 2. Bf4 c5 3. e3 Nc6 4. Nf3 Nf6 5. Nbd2 g6 6. c3 Bg7 7. Ne5 0-0 8. Be2 Qb6 9. b3 cxd4 10. exd4 Nxd4 11. Be3 Ne8 12. cxd4 f6 13. Nd3 Bf5 14. 0-0 Nd6 15. Nc5 Rac8 16. Bg4 Bxg4 17. Qxg4 Rfe8 18. Qe6+ Kh8 19. Rfc1 Nf5 20. Qxb6 axb6 21. Nd3 e5 22. dxe5 fxe5 23. Rxc8 Rxc8 24. Rc1 Ra8 25. Bxb6 h5 26. a4 Bh6 27. Rc2 e4 28. Ne5 Kg7 29. Nf1 d4 30. Ng3 Nxg3 31. hxg3 d3 32. Rc7+ Kf6 33. Nd7+ Kf5 34. Rc5+ Ke6 35. Re5+ Kxd7 36. Rxe4 d2 37. Rd4+ Kc6 38. a5 Re8 39. Rc4+ Kb5 40. Rd4 Re1+ 41. Kh2 d1Q 0-1

[Event "Titled Tuesday intern op 03rd Jan Late"]
[Site "Chess.com INT"]
[Date "2023.01.03"]
[Round "4"]
[White "Zhou, Aiden"]
[Black "Gascon del Nogal, Jose Rafael"]
[Result "0-1"]
[WhiteElo "2135"]
[BlackElo "2458"]
[PlyCount "92"]
[EventDate "2023.01.03"]
[EventType "swiss (blitz)"]
[EventRounds "11"]
[EventCountry "USA"]
[SourceTitle "EXT 2024"]
[Source "ChessBase"]
[SourceDate "2023.10.10"]
[SourceVersion "1"]
[SourceVersionDate "2023.10.10"]
[SourceQuality "1"]

1. d4 Nf6 2. c4 g6 3. Nc3 Bg7 4. e4 d6 5. Nf3 0-0 6. Be2 e5 7. dxe5 dxe5 8. Qxd8 Rxd8 9. Bg5 c6 10. Nxe5 Re8 11. 0-0-0 Na6 12. Rd6 Be6 13. f4 Nc5 14. Bf3 Nfd7 15. Nxd7 Nxd7 16. e5 h6 17. Bh4 g5 18. fxg5 Nxe5 19. Be2 hxg5 20. Bxg5 Bxc4 21. Bxc4 Nxc4 22. Rd7 Re5 23. h4 Rae8 24. Rxb7 Rc5 25. Rf1 Nxb2 26. Kxb2 Rxc3 27. Bf6 Rg3 28. Bxg7 Re2+ 29. Kb1 Rxg7 30. g4 Rxg4 31. Rbxf7 Rb4+ 32. Ka1 Ra4 33. Rf8+ Kg7 34. R8f7+ Kg6 35. R7f6+ Kh5 36. R6f5+ Kg4 37. Rc5 Rexa2+ 38. Kb1 Ra1+ 39. Kb2 Rxf1 40. Rg5+ Kxh4 41. Rc5 Rf3 42. Rxc6 Rg4 43. Rc2 Rfg3 44. Rc6 Rf4 45. Rh6+ Kg5 46. Ra6 Rf2+ 0-1

[Event "Titled Tuesday intern op 03rd Jan Early"]
[Site "Chess.com INT"]
[Date "2023.01.03"]
[Round "2"]
[White "Zhou, Aiden"]
[Black "Turzo, Attila"]
[Result "1-0"]
[WhiteElo "2135"]
[BlackElo "2291"]
[PlyCount "181"]
[EventDate "2023.01.03"]
[EventType "swiss (blitz)"]
[EventRounds "11"]
[EventCountry "USA"]
[SourceTitle "EXT 2024"]
[Source "ChessBase"]
[SourceDate "2023.10.10"]
[SourceVersion "1"]
[SourceVersionDate "2023.10.10"]
[SourceQuality "1"]

1. d4 Nf6 2. c4 e6 3. Nf3 d5 4. g3 Bb4+ 5. Bd2 Be7 6. Bg2 0-0 7. 0-0 c6 8. Qc2 Nbd7 9. Bf4 b6 10. Rd1 Ba6 11. Ne5 Nxe5 12. dxe5 Nd7 13. cxd5 cxd5 14. e4 Rc8 15. Nc3 dxe4 16. Qa4 Bd3 17. Nxe4 Bxe4 18. Rxd7 Bc2 19. Qxa7 Qe8 20. Rxe7 Qb5 21. Qa3 Rc5 22. Rc1 Rfc8 23. Ra7 Qe2 24. Ra8 h6 25. Rxc8+ Rxc8 26. Qe3 Qb5 27. Be4 Qxb2 28. Rxc2 Rxc2 29. Bxc2 Qxc2 30. Qxb6 Qxa2 31. Qb8+ Kh7 32. Qb7 Kg6 33. Qe4+ f5 34. exf6+ Kxf6 35. Be5+ Kf7 36. Qb7+ Kg6 37. Qxg7+ Kf5 38. Qf6+ Ke4 39. Qf4+ Kd5 40. Qd4+ Kc6 41. Qc3+ Kd5 42. Qd4+ Kc6 43. Qd6+ Kb5 44. Kg2 Qa8+ 45. Kh3 Qg8 46. Qd3+ Kc6 47. Qe4+ Kc5 48. Kg2 Qf7 49. h4 h5 50. Qf3 Qg6 51. Bf4 Kc4 52. Be3 Qe8 53. Qe4+ Kb5 54. f4 Qd8 55. Qxe6 Qa8+ 56. Kh2 Qf3 57. Qe5+ Kc4 58. Bg1 Kb4 59. Qd4+ Kb5 60. Qc5+ Ka4 61. Qc4+ Ka5 62. Qa2+ Kb5 63. Qg2 Qg4 64. Qh3 Qe2+ 65. Qg2 Qg4 66. Qf2 Kb4 67. f5 Qg7 68. f6 Qf7 69. Qf5 Kc4 70. Qf4+ Kd5 71. Qf2 Ke4 72. Qe2+ Kf5 73. Qf3+ Ke6 74. Bd4 Qg6 75. Qe3+ Kd5 76. Qe5+ Kc4 77. Qf4 Qf7 78. Bf2+ Kd5 79. g4 hxg4 80. Qf5+ Kc4 81. h5 Kb4 82. Qxg4+ Kc3 83. Qf3+ Kd2 84. Qe3+ Kc2 85. Be1 Qxh5+ 86. Kg2 Qg6+ 87. Kf2 Qxf6+ 88. Ke2 Qb2 89. Qd3+ Kc1+ 90. Bd2+ Qxd2+ 91. Qxd2+ 1-0

[Event "Titled Tuesday intern op 20th Dec Early"]
[Site "Chess.com INT"]
[Date "2022.12.20"]
[Round "5"]
[White "Charmier, Gregory"]
[Black "Zhou, Aiden"]
[Result "0-1"]
[WhiteElo "2127"]
[BlackElo "2135"]
[PlyCount "60"]
[EventDate "2022.12.20"]
[EventType "swiss (blitz)"]
[EventRounds "11"]
[EventCountry "USA"]
[SourceTitle "EXT 2024"]
[Source "ChessBase"]
[SourceDate "2023.10.10"]
[SourceVersion "1"]
[SourceVersionDate "2023.10.10"]
[SourceQuality "1"]

1. d4 Nf6 2. Bf4 g6 3. Nf3 Bg7 4. e3 0-0 5. Be2 d6 6. h3 Nfd7 7. Bh2 Nc6 8. 0-0 e5 9. c3 f5 10. dxe5 Ndxe5 11. Qd5+ Kh8 12. Rd1 Qe7 13. Nd4 Nxd4 14. cxd4 Nc6 15. Nc3 g5 16. Qb3 f4 17. Nd5 Qf7 18. exf4 Nxd4 19. Rxd4 Bxd4 20. Bc4 Be6 21. Rd1 Bg7 22. f5 Qxf5 23. Nxc7 Qxf2+ 24. Kh1 Bxc4 25. Qxc4 Rac8 26. Bxd6 Rfd8 27. Qb3 Rxd6 28. Rxd6 Qf1+ 29. Kh2 Qf4+ 30. Qg3 Qxg3+ 0-1